| 000 | 010240000a22002170004500 | ||
|---|---|---|---|
| 020 | _a0-88113-992-0 | ||
| 082 | 0 | 4 | _aG 262.2 C7943i |
| 100 | 1 | _aWayne, Cordeiro | |
| 245 | 1 | 0 | _aLa iglesia como un equipo: Wayne Cordeiro |
| 260 | _aNashville, EEUU : Betania, Grupo Nelson | ||
| 300 | _a239 p | ||
| 500 | _aTítulo en inglés: Doing church as a team | ||
| 501 | _aRústico | ||
| 505 | 0 | 0 | _a¿Una oración contestada? -- Alcanza lo mejor de Dios -- Dios tiene un plan -- No olvides quién eres -- Todos los hijos de Dios tienen dones --- Encuentra dónde encajas -- El camino más rápido al trono --- Excava los dones de liderazgo en la iglesia -- Desarrolla siervos-líderes -- Ajusta tu brújula ---Alineación: el poder de moverse juntos --- Transición cultural de la iglesia --- Nutre al equipo |
| 650 | 1 | 4 | _aIGLESIA LOCAL \ IGLESIA Y TRABAJO \ TEOLOGIA ECLESIAL |
| 001 | 18189 | ||
| 942 | _cBK | ||
| 999 |
_c44660 _d44660 |
||
| 336 |
_atexto _btxt _2rdacontent |
||
| 337 |
_2rdamedia _asin mediación _bn |
||
| 338 |
_2rdacarrier _avolumen _bnc |
||